[Event "Stars of Baltic Sea"]
[Site "www.maletaht.ee"]
[Date "2005.10.06"]
[Round "1"]
[White "Warakomski, Tomasz"]
[Black "Jezov, Roman"]
[Result "0-1"]
[WhiteElo "2396"]
[BlackElo "2086"]
[PlyCount "88"]
[EventDate "2005.??.??"]

1. e4 c5 2. Nf3 e6 3. d4 cxd4 4. Nxd4 a6 5. Nc3 b5 6. Be3 Bb7 7. Bd3 Qc7 8. Qd2
Nf6 9. f3 Nc6 10. Nxc6 Bxc6 11. O-O-O O-O-O 12. Qf2 Kb7 13. Rhe1 Bb4 14. Bd2 d5
15. e5 Nd7 16. Qh4 Bc5 17. Qf4 f6 18. exf6 e5 19. Qh4 Nxf6 20. a3 Rhe8 21. Bg5
Be7 22. Qf2 h6 23. Bh4 b4 24. axb4 Bxb4 25. Bg6 Re7 26. Re2 Bxc3 27. bxc3 Be8
28. Bxe8 Rexe8 29. Kd2 Rc8 30. Rb1+ Ka8 31. Rb3 Nd7 32. Re1 Nc5 33. Ra3 Qd6 34.
Rea1 Rc6 35. Qe2 e4 36. Bf2 Kb7 37. Ra5 e3+ 38. Bxe3 d4 39. cxd4 Nb3+ 40. Kd1
Nxa1 41. Rxa1 Rc3 42. Rb1+ Ka8 43. Ra1 Kb7 44. Rb1+ Kc8 0-1

[Event "Stars of Baltic Sea"]
[Site "www.maletaht.ee"]
[Date "2005.10.06"]
[Round "1"]
[White "Kuzevanova, Evgenia"]
[Black "Rogule, Laura"]
[Result "1-0"]
[WhiteElo "2151"]
[BlackElo "2320"]
[PlyCount "49"]
[EventDate "2005.??.??"]

1. e4 c5 2. Nf3 d6 3. d4 cxd4 4. Qxd4 Nc6 5. Bb5 Bd7 6. Bxc6 Bxc6 7. Nc3 Nf6 8.
Bg5 e6 9. O-O-O Be7 10. Rhe1 O-O 11. Kb1 Qa5 12. Qd2 Qa6 13. Nd4 Rfd8 14. f3 b5
15. g4 b4 16. Nce2 Rab8 17. Ng3 Qb7 18. Nh5 Rdc8 19. Bxf6 Bxf6 20. Nxf6+ gxf6
21. Qh6 Ba4 22. Nf5 exf5 23. gxf5 Bxc2+ 24. Ka1 Kh8 25. Rg1 1-0

[Event "Stars of Baltic Sea"]
[Site "www.maletaht.ee"]
[Date "2005.10.07"]
[Round "2"]
[White "Jezov, Roman"]
[Black "Volodin, Aleksandr"]
[Result "1-0"]
[WhiteElo "2086"]
[BlackElo "2230"]
[PlyCount "171"]
[EventDate "2005.??.??"]

1. e4 c5 2. Nf3 e6 3. d4 cxd4 4. Nxd4 Nc6 5. Nc3 a6 6. Be3 Qc7 7. Be2 Nf6 8.
O-O Bb4 9. Na4 O-O 10. Nxc6 dxc6 11. Nb6 Rb8 12. Bf3 e5 13. Nxc8 Rfxc8 14. Qe2
b5 15. Rfd1 h6 16. g3 c5 17. Bg2 c4 18. c3 Bc5 19. Rd2 b4 20. Bxc5 Qxc5 21.
cxb4 Rxb4 22. Rc1 Qb6 23. a3 Ra4 24. Rc3 Qe6 25. Qd1 Qe8 26. Qc1 Qb5 27. b3 Ra5
28. Rdc2 Kh7 29. b4 Ra4 30. Rxc4 Rxc4 31. Rxc4 Rxa3 32. Qxa3 Qxc4 33. Bf1 Qd4
34. Bxa6 Nxe4 35. Qf3 Qa1+ 36. Bf1 Ng5 37. Qe3 Qa8 38. Bg2 Qa4 39. h4 Ne6 40.
Qe4+ g6 41. Qb7 Kg7 42. Bd5 Qd1+ 43. Kg2 Kf6 44. Qc6 Ke7 45. b5 Qg4 46. Bf3 Qb4
47. b6 Nc5 48. Bd5 Nd7 49. Bxf7 Qxb6 50. Qxb6 Nxb6 51. Bxg6 Kf6 52. Bd3 Nd7 53.
Kf3 Nc5 54. Bc2 h5 55. Ke3 Kg7 56. Kd2 Kf6 57. Kc3 Ne6 58. Kd3 Kf5 59. Ke3+ Kf6
60. Bd1 Ng7 61. Ke4 Ke6 62. g4 hxg4 63. Bxg4+ Kf6 64. h5 Ne8 65. Kd5 Nc7+ 66.
Ke4 Nb5 67. h6 Nd6+ 68. Kd5 Nf7 69. h7 Nh8 70. Bh5 Kg5 71. Be8 Kf6 72. Kd6 Kg7
73. Kxe5 Kxh7 74. Ke6 Kg7 75. Ke7 Kg8 76. f4 Kg7 77. f5 Kg8 78. f6 Kh7 79. Kf8
Kh6 80. Kg8 Kg5 81. Kg7 Kf5 82. Bd7+ Kg5 83. Bc8 Kh5 84. Bh3 Kg5 85. Bg4 Ng6
86. f7 1-0

[Event "Stars of Baltic Sea"]
[Site "www.maletaht.ee"]
[Date "2005.10.08"]
[Round "4"]
[White "Soskov, Vyatsheslav"]
[Black "Andrejevs, Arvids"]
[Result "1/2-1/2"]
[WhiteElo "2229"]
[BlackElo "2238"]
[PlyCount "101"]
[EventDate "2005.??.??"]

1. e4 e5 2. Nf3 Nc6 3. Bb5 Nf6 4. Bxc6 dxc6 5. d3 Bd6 6. O-O O-O 7. Nbd2 Bg4 8.
h3 Bh5 9. Nc4 h6 10. g4 Nxg4 11. hxg4 Bxg4 12. Ne3 f5 13. exf5 Bxf5 14. Nxf5
Rxf5 15. Be3 Qe7 16. Nh2 e4 17. dxe4 Qxe4 18. Re1 Raf8 19. f4 R8f6 20. Qf3 Qxc2
21. Re2 Qc4 22. b3 Qf7 23. Rd1 Bxf4 24. Bxf4 Rxf4 25. Rd8+ Kh7 26. Qd3+ Qg6+
27. Rg2 Qxd3 28. Rxd3 Rd6 29. Rgd2 Rff6 30. Kg2 Rxd3 31. Rxd3 Rd6 32. Rf3 Rd2+
33. Rf2 Rxf2+ 34. Kxf2 Kg6 35. Nf3 Kf5 36. Nd4+ Ke5 37. Nf3+ Ke4 38. Nd2+ Kd3
39. Nc4 c5 40. Na5 b5 41. Nc6 c4 42. bxc4 bxc4 43. Nxa7 c3 44. Nc6 Kc4 45. Ke2
g5 46. Ne5+ Kb4 47. Kd3 h5 48. Nf3 g4 49. Nh4 Ka3 50. Kxc3 Kxa2 51. Kc2 1/2-1/2

[Event "Stars of Baltic Sea"]
[Site "www.maletaht.ee"]
[Date "2005.10.09"]
[Round "5"]
[White "Golubenko, Valentina"]
[Black "Kuzevanova, Evgenia"]
[Result "1-0"]
[WhiteElo "2148"]
[BlackElo "2151"]
[PlyCount "101"]
[EventDate "2005.??.??"]

1. d4 Nf6 2. c4 g6 3. Nc3 d5 4. cxd5 Nxd5 5. e4 Nxc3 6. bxc3 Bg7 7. Bc4 c5 8.
Ne2 O-O 9. O-O Nc6 10. Be3 Qc7 11. Rc1 Rd8 12. Qa4 a6 13. Qa3 Na5 14. Bd3 b5
15. Rfd1 c4 16. Bb1 e6 17. Bf4 Qb6 18. Qe7 Ra7 19. Qh4 Rad7 20. e5 Bb7 21. Ng3
b4 22. Bg5 Rc8 23. Nh5 gxh5 24. Bf6 Kf8 25. Qg5 Bxf6 26. exf6 Rdc7 27. d5 Bxd5
28. Rxd5 exd5 29. Re1 Qe6 30. Qg7+ Ke8 31. Rxe6+ fxe6 32. Qg8+ Kd7 33. f7 Ke7
34. Bxh7 bxc3 35. Qg7 Rf8 36. Qxc3 Nc6 37. Bg6 Rcc8 38. Bxh5 Kd6 39. f4 Kc5 40.
g4 d4 41. Qa3+ Kd5 42. g5 d3 43. Bf3+ Kd4 44. Bxc6 Rxf7 45. Qd6+ Kc3 46. Kf2
Rh7 47. Qe5+ Kb4 48. Qxe6 d2 49. Qd6+ Kc3 50. Qa3+ Kc2 51. Be4+ 1-0